Catálogo público

9o Foro de resultados Introducción a la Agroindustria / (Record no. 220751)

MARC details
000 -CABECERA
campo de control de longitud fija 01096nam a2200253 a 4500
003 - IDENTIFICADOR DEL NÚMERO DE CONTROL
campo de control Mxchpua
005 - FECHA Y HORA DE LA ÚLTIMA TRANSACCIÓN
campo de control 20250805122850.0
007 - CAMPO FIJO DE DESCRIPCIÓN FÍSICA--INFORMACIÓN GENERAL
campo de control de longitud fija ta
008 - DATOS DE LONGITUD FIJA--INFORMACIÓN GENERAL
campo de control de longitud fija 250710s2025 mx do||fs|||| 001 0 spa d
040 ## - FUENTE DE LA CATALOGACIÓN
Centro catalogador/agencia de origen mxchpua
090 ## - LOCALMENTE ASIGNADO TIPO-LC NÚMERO DE CLASIFICACIÓN (OCLC); NÚMERO DE CLASIFICACIÓN LOCAL (RLIN)
Número de clasificación (OCLC) (R) ; Numero de clasificación, CALL (RLIN) (NR) T.C.965
Número cutter local (OCLC) ; Número de libro/Signatura topográfica íntegra, CALL (RLIN) V45 IA
Año 2025
245 14 - MENCIÓN DE TÍTULO
Título 9o Foro de resultados Introducción a la Agroindustria /
Mención de responsabilidad, etc. coordinadores Alejandra Velázquez Castillo...[y otros]
260 ## - PUBLICACIÓN, DISTRIBUCIÓN, ETC.
Lugar de publicación, distribución, etc. Chapingo, México :
Nombre del editor, distribuidor, etc. El autor,
Fecha de publicación, distribución, etc. 2025
300 ## - DESCRIPCIÓN FÍSICA
Extensión 1 recurso en línea (27 páginas) :
Otras características físicas gráficas, tablas, fotos
336 ## - TIPO DE CONTENIDO
Fuente rdacontent
Término de tipo de contenido Texto
Código de tipo de contenido txt
337 ## - TIPO DE MEDIO
Fuente rdamedia
Nombre/término del tipo de medio computadora
Código del tipo de medio c
338 ## - TIPO DE SOPORTE
Fuente rdacarrier
Nombre/término del tipo de soporte recurso en línea
Código del tipo de soporte cr
500 ## - NOTA GENERAL
Nota general 4° año --<br/>Directorio: páginas 16-27
502 ## - NOTA DE TESIS
Nota de tesis Viaje de Estudios
Tipo de título (IA) --
Nombre de la institución que otorga el título UACh. Departamento de Ingeniería Agroindustrial,
Año de obtención del título 2025
650 13 - PUNTO DE ACCESO ADICIONAL DE MATERIA--TÉRMINO DE MATERIA
Término de materia o nombre geográfico como elemento de entrada Industria de los alimentos
Subdivisión general Educación
Subdivisión de forma Congresos, conferencias, etc
9 (RLIN) 190787
650 13 - PUNTO DE ACCESO ADICIONAL DE MATERIA--TÉRMINO DE MATERIA
Término de materia o nombre geográfico como elemento de entrada Food industry
Subdivisión general Education
Subdivisión de forma Congresses
9 (RLIN) 190788
700 1# - PUNTO DE ACCESO ADICIONAL--NOMBRE DE PERSONA
Nombre de persona Velázquez Castillo, Alejandra
9 (RLIN) 118517
Término indicativo de función/relación coordinadora
856 41 - LOCALIZACIÓN Y ACCESO ELECTRÓNICOS
Texto de enlace DESCARGAR REPORTE
Identificador Uniforme del Recurso <a href="http://10.13.5.2/ve/TC965_IA/TC965_IA_2025-REPORTE.pdf">http://10.13.5.2/ve/TC965_IA/TC965_IA_2025-REPORTE.pdf</a>
Holdings
Estado de retiro Estado de pérdida Fuente del sistema de clasificación o colocación Estado dañado No para préstamo Código de colección Localización permanente Ubicación/localización actual Ubicación en estantería Fecha de adquisición Fuente de adquisición Total de préstamos Signatura topográfica completa Código de barras Fecha visto por última vez Precio válido a partir de Tipo de ítem Koha
    Clasificación Universidad Autónoma de Chapingo     Viajes de estudio - En línea Ingenieria Agroindustrial Ingenieria Agroindustrial En línea 10/07/2025 El autor   T.C.965 V45 IA 2025 1206015639 10/07/2025 10/07/2025 Viajes de Estudio - En línea